000 01581nam0a2200385 4500
001 RU\NLR\bibl\825393
005 20260405084438.0
010 _a5-17-030053-0
_bАСТ
010 _a5-478-00114-7
_bВосток-Запад
_93000
021 _aRU
_b2005-32919
_91652
035 _a(NLR Aleph) 001346536
090 _a894013
_c894013
100 _a20050729d2005 |||y0rusy50 ca
101 0 _arus
_atur
102 _aRU
105 _ay |||||||||
200 1 _aСовременный турецко-русский словрь
_dÇaĜdaş türkçe-rusça sözlük
_eоколо 15000 слов и словосочетаний
_fО. Ю. Мансурова
_ztur
210 _aМосква
_cАСТ
_cВосток-Запад
_d2005
215 _a222, [1] с.
_d21
300 _aАвт. также на турец. яз.: O.Yu. Mansurova
300 _aНа обл. авт. не указан
320 _aБиблиогр. в конце кн.
510 0 _6z11790
_aÇaĜdaş türkçe-rusça sözlük
_ztur
606 1 _aТурецкий язык
_xСловари
_xРусский язык
_92106480
_3RU\NLR\auth\661273433
686 _aШ163.12-491перев
700 1 _4070
_8rus
_7ca
_aМансурова
_bО. Ю.
_gОксана Юрьевна
_3RU\NLR\auth\7730683
_913701
790 1 _4070
_8rus
_7ba
_aMansurova
_bO. Ju.
_gOksana Jur'evna
_3RU\NLR\auth\7730685
_913703
801 0 _aRU
_bNLR
_c20050729
_grcr
801 1 _aRU
_bNLR
_c20050729
830 _aавт. по базе
852 _aNLR
_jОЛСАА
942 _cBOOK
980 _aNB